| 000 | 00746nam a2200217Ia 4500 | ||
|---|---|---|---|
| 005 | 20250507130404.0 | ||
| 008 | 008 250505s9999 xx 000 0 eng d | ||
| 020 | _a9780674026032 | ||
| 037 | _aAnnuals, Advances | ||
| 040 |
_aEASL _beng _cEASL |
||
| 041 |
_aeng _2eng |
||
| 084 |
_aO42v, 111P7 _qEASL |
||
| 100 |
_aZimmerman Eve Au. _9667596 |
||
| 245 | 0 | _aOut of the alleyway: Nakagami Kenji and the poetics of outcaste fiction | |
| 260 |
_aUSA _bCambridge (Mass.) Harvard University Asia Center _c2007 |
||
| 300 | _axii,264p. | ||
| 365 |
_a¥ _b4993 |
||
| 650 |
_aNakagami Kenji Criticism and interpretation; Buraku people in literature _9755328 |
||
| 942 |
_cTEXL _hO42v, 111P7 |
||
| 999 |
_c1319411 _d1319411 |
||